Sześciany potęg liczb do 10 - Statystyki

Ogólne statystyki
  • Ten quiz został rozwiązany 754 razy
  • Średni wynik to 9 z 10
Statystyki odpowiedzi
Potęga Liczba % Poprawnych
1^3 1
100%
3^3 27
98%
2^3 8
98%
5^3 125
95%
4^3 64
94%
10^3 1000
87%
6^3 216
84%
7^3 343
79%
9^3 729
75%
8^3 512
74%
Nie znaleziono quizów pasujących do podanych kryteriów
Rozkład punktacji
Procent ludzi z każdym wynikiem
Percentyl według liczby udzielonych odpowiedzi
Twoja historia wyników
Nie rozwiązałeś tego quizu